000 00244nam a2200109Ia 4500
008 240625s9999 xx 000 0 und d
041 _aeng
082 _a658.15224 PAR
100 _aPARRINO ROBERT
245 _aCORPORATE FINANCE
260 _c2015
999 _c39963
_d39963